[Event "Pan American-ch School U15"]
[Site "Medellin"]
[Date "2019.11.17"]
[Round "9"]
[White "Vargas, Daniel Fernando"]
[Black "Mendez Huamani, Joseph Fabian"]
[Result "1/2-1/2"]
[WhiteElo "1594"]
[BlackElo "1437"]
[PlyCount "44"]
[EventDate "2019.11.12"]
[EventType "swiss"]
[EventRounds "9"]
[EventCountry "COL"]
[SourceTitle "CBM 193 Extra"]
[Source "ChessBase"]
[SourceDate "2020.01.31"]
[SourceVersion "1"]
[SourceVersionDate "2020.01.31"]
[SourceQuality "1"]

1. c4 Nf6 2. Nc3 g6 3. g3 Bg7 4. Bg2 0-0 5. Nf3 d6 6. 0-0 e5 7. d3 Nc6 8. a3 a6 9. Rb1 Rb8 10. Be3 Be6 11. b4 Ng4 12. Bd2 Nf6 13. Qc2 Nd4 14. Nxd4 exd4 15. Ne4 Nxe4 16. Bxe4 Bg4 17. Rfe1 Qd7 18. Bg2 Rfe8 19. e4 dxe3 20. Bxe3 Bh3 21. Bh1 c6 22. Qd2 Rbc8 1/2-1/2

[Event "Pan American-ch School U15"]
[Site "Medellin"]
[Date "2019.11.16"]
[Round "8"]
[White "Mendez Huamani, Joseph Fabian"]
[Black "Florez, Santiago"]
[Result "1/2-1/2"]
[WhiteElo "1437"]
[BlackElo "1744"]
[PlyCount "57"]
[EventDate "2019.11.12"]
[EventType "swiss"]
[EventRounds "9"]
[EventCountry "COL"]
[SourceTitle "CBM 193 Extra"]
[Source "ChessBase"]
[SourceDate "2020.01.31"]
[SourceVersion "1"]
[SourceVersionDate "2020.01.31"]
[SourceQuality "1"]

1. d4 d5 2. Bf4 Nf6 3. e3 e6 4. Nf3 Bd6 5. Bg3 c5 6. Nbd2 Nc6 7. c3 0-0 8. Ne5 Bxe5 9. dxe5 Nd7 10. f4 Qb6 11. Qb3 Qxb3 12. Nxb3 f6 13. exf6 Rxf6 14. Be2 b6 15. 0-0 Bb7 16. Bf3 Ne7 17. Rfd1 Bc6 18. Rd2 Nf5 19. Bf2 Nd6 20. Rb1 Nc4 21. Rdd1 Rc8 22. Nd2 Nd6 23. Nf1 Ne4 24. Ng3 e5 25. Nxe4 dxe4 26. Bg4 Rc7 27. Bxd7 Bxd7 28. fxe5 Re6 29. Bg3 1/2-1/2

[Event "Pan American-ch School U15"]
[Site "Medellin"]
[Date "2019.11.15"]
[Round "6"]
[White "Portillo Fernandez, Isaac Jesus"]
[Black "Mendez Huamani, Joseph Fabian"]
[Result "1-0"]
[WhiteElo "1630"]
[BlackElo "1437"]
[PlyCount "72"]
[EventDate "2019.11.12"]
[EventType "swiss"]
[EventRounds "9"]
[EventCountry "COL"]
[SourceTitle "CBM 193 Extra"]
[Source "ChessBase"]
[SourceDate "2020.01.31"]
[SourceVersion "1"]
[SourceVersionDate "2020.01.31"]
[SourceQuality "1"]

1. e4 d6 2. d4 Nf6 3. Nc3 g6 4. f4 c5 5. Nf3 cxd4 6. Nxd4 Bg7 7. Be3 0-0 8. Be2 e5 9. Ndb5 Ne8 10. Bxa7 exf4 11. Bd4 Qh4+ 12. Bf2 Qd8 13. 0-0 Nc6 14. Nd5 Qg5 15. Nb6 Bh3 16. Bf3 Ra6 17. Nd5 Ra8 18. c3 Ne5 19. Bd4 Nc4 20. Qe2 Ne5 21. Kh1 Be6 22. Nb6 Ra6 23. a4 Qe7 24. a5 Nc7 25. b4 Nxf3 26. gxf3 Be5 27. Bxe5 dxe5 28. Rad1 Na8 29. Nd5 Qh4 30. c4 Qh3 31. c5 f6 32. Nxf6+ Kg7 33. Nd5 Bxd5 34. Rxd5 Kf6 35. Rfd1 Qc8 36. Rd7 Rd8 1-0

[Event "Pan American-ch School U15"]
[Site "Medellin"]
[Date "2019.11.14"]
[Round "5"]
[White "Mendez Huamani, Joseph Fabian"]
[Black "Tobar Beltran, Carlos Andres"]
[Result "1/2-1/2"]
[WhiteElo "1437"]
[BlackElo "1783"]
[PlyCount "152"]
[EventDate "2019.11.12"]
[EventType "swiss"]
[EventRounds "9"]
[EventCountry "COL"]
[SourceTitle "CBM 193 Extra"]
[Source "ChessBase"]
[SourceDate "2020.01.31"]
[SourceVersion "1"]
[SourceVersionDate "2020.01.31"]
[SourceQuality "1"]

1. d4 Nf6 2. Bf4 e6 3. e3 d5 4. Nf3 c5 5. c3 Nc6 6. Nbd2 Be7 7. Ne5 0-0 8. Bd3 Bd6 9. h3 Qc7 10. Ndf3 c4 11. Bc2 b5 12. 0-0 a5 13. Re1 Bb7 14. Nxc6 Bxc6 15. Ne5 Nd7 16. Nxc6 Qxc6 17. Bxd6 Qxd6 18. e4 dxe4 19. Bxe4 Rab8 20. Qc2 Nf6 21. Bf3 b4 22. Qd2 b3 23. axb3 Rxb3 24. Rxa5 Rfb8 25. Ra2 Qb6 26. Rea1 g6 27. Rb1 Qb5 28. Qc1 Kg7 29. Bd1 Ne4 30. Bxb3 cxb3 31. Ra7 Qd3 32. Rba1 Nd2 33. Qe1 Nc4 34. R7a4 Rb6 35. Rd1 Qxd1 36. Qxd1 Nxb2 37. Ra1 Nxd1 38. Rxd1 Rc6 39. Rc1 b2 40. Rb1 Rxc3 41. Rxb2 Rd3 42. Rb4 Rd1+ 43. Kh2 g5 44. g3 Kg6 45. Kg2 h5 46. Ra4 f6 47. Rb4 Rd3 48. g4 h4 49. Rb6 Kf7 50. Rb7+ Ke8 51. Rb6 Ke7 52. Rb7+ Kd6 53. Rf7 Rxd4 54. Rxf6 Re4 55. Rf3 Rd4 56. Rf6 Ke7 57. Rf3 Rf4 58. Rd3 Kf6 59. Rf3 Ke5 60. Re3+ Re4 61. Ra3 Rd4 62. Re3+ Kd5 63. Ra3 Rc4 64. Kf3 Kd4 65. Ra5 Rc3+ 66. Kg2 e5 67. Ra8 Rc5 68. Ra4+ Rc4 69. Ra8 Rc2 70. Ra4+ Kd3 71. Ra8 e4 72. Ra3+ Rc3 73. Ra5 e3 74. fxe3 Kxe3 75. Ra8 Rc2+ 76. Kg1 Rc1+ 1/2-1/2

[Event "Pan American-ch School U15"]
[Site "Medellin"]
[Date "2019.11.12"]
[Round "2"]
[White "Rojas Castillo, Leibnitz Edison"]
[Black "Mendez Huamani, Joseph Fabian"]
[Result "1-0"]
[WhiteElo "1739"]
[BlackElo "1437"]
[PlyCount "53"]
[EventDate "2019.11.12"]
[EventType "swiss"]
[EventRounds "9"]
[EventCountry "COL"]
[SourceTitle "CBM 193 Extra"]
[Source "ChessBase"]
[SourceDate "2020.01.31"]
[SourceVersion "1"]
[SourceVersionDate "2020.01.31"]
[SourceQuality "1"]

1. e4 d6 2. d4 Nf6 3. Nc3 g6 4. Be3 c6 5. Qd2 Nbd7 6. Nf3 Bg7 7. Bh6 Bxh6 8. Qxh6 Qc7 9. Bd3 b5 10. a4 b4 11. Ne2 Bb7 12. Ng3 a5 13. 0-0 0-0-0 14. b3 Kb8 15. Qd2 e5 16. c3 exd4 17. cxb4 axb4 18. Qxb4 c5 19. Qd2 h5 20. h4 Rhe8 21. Rfc1 Bxe4 22. Nxd4 Qb7 23. Nxe4 Rxe4 24. Qa5 Rde8 25. Ba6 Qa8 26. Nb5 Rb4 27. Qc7# 1-0